Pokémon GO Items - Statistics

General Stats
  • This quiz has been taken 112 times
    107 since last reset
  • The average score is 29 of 59
Answer Stats
Category Answer % Correct
Poké Balls Poké Ball
100%
Great Ball
99%
Master Ball
99%
Ultra Ball
99%
Medicine Potion
96%
Revive
91%
Max Revive
90%
Super Potion
88%
Hyper Potion
87%
Max Potion
87%
Berries Razz Berry
87%
Pinap Berry
86%
Golden Razz Berry
84%
Silver Pinap Berry
80%
Nanab Berry
77%
Trainer Boosts Incense
72%
Gifts Gift
68%
Passes Raid Pass
67%
Lucky Egg
65%
Remote Raid Pass
65%
Charged TM
64%
TMs Fast TM
64%
Lures Lure Module
62%
Sinnoh Stone
62%
Unova Stone
58%
Star Piece
55%
Elite Fast TM
52%
Elite Charged TM
51%
Magnetic Lure Module
46%
Mossy Lure Module
46%
King's Rock
45%
Stickers
45%
Evolution Items Sun Stone
43%
Dragon Scale
41%
Premium Battle Pass
41%
Metal Coat
39%
Upgrade
39%
Rainy Lure Module
36%
Other Items Rare Candy
32%
Glacial Lure Module
29%
Golden Lure Module
28%
Key Items Camera
26%
Mystery Box
23%
Egg Incubator ∞
22%
Egg Incubator
22%
Gimmighoul Coins
22%
Postcard Book
22%
Rare Candy XL
19%
Daily Adventure Incense
17%
Rocket Radar
17%
Zygarde Cube
16%
Poffin
14%
Coin Bag
12%
Purified Gem
10%
Shadow Shard
10%
Mysterious Component
9%
Super Rocket Radar
9%
Super Incubator
7%
Team Medallion
4%
No matching quizzes found
Score Distribution
Percent of People with Each Score
Percentile by Number Answered
Your Score History
You have not taken this quiz since the last reset